Statistics for Sex Pistols: Bollocks Tracks

Click here to take the quiz!

General Stats

  • This quiz has been taken 129 times
  • The average score is 8 of 12

Answer Stats

Tracks Answer % Correct
2Anarchy in the UK
97%
6God Save the Queen
94%
8Bodies
78%
9Pretty Vacant
78%
12EMI
76%
7Holidays in the Sun
74%
10New York
61%
11Submission
61%
4Liar
59%
3No Feelings
57%
5Problems
53%
1Seventeen
48%

Score Distribution

Percentile by Number Answered

Percent of People with Each Score

Your Score History

You have not taken this quiz